Ekonomické a sociálne súvislosti vstupu SR do EÚ - prínosy a riziká
Výrazná zmena sektorovej štruktúry ekonomiky SR od r. 1989. Približovanie sa proporciám typickým pre členské štáty Európskej únie (EÚ). Technológie, produktivita práce, zmena štruktúry produkcie spracovateľského priemyslu, pozitívne trendy vo vývoji zahraničného obchodu SR. Regionálne disparity a ic...
Guardado en:
| Formato: | Capítulo de libro |
|---|---|
| Lenguaje: | eslovaco |
| Materias: | |
| Etiquetas: |
Sin Etiquetas, Sea el primero en etiquetar este registro!
|
MARC
| LEADER | 00000naa a2200000 4500 | ||
|---|---|---|---|
| 001 | r046960 | ||
| 005 | 20230927092056.6 | ||
| 041 | 0 | |a slo | |
| 044 | |a SK | ||
| 245 | 1 | 0 | |a Ekonomické a sociálne súvislosti vstupu SR do EÚ - prínosy a riziká |
| 520 | |a Výrazná zmena sektorovej štruktúry ekonomiky SR od r. 1989. Približovanie sa proporciám typickým pre členské štáty Európskej únie (EÚ). Technológie, produktivita práce, zmena štruktúry produkcie spracovateľského priemyslu, pozitívne trendy vo vývoji zahraničného obchodu SR. Regionálne disparity a ich obmedzovanie. Nízke čerpanie z predvstupových fondov. | ||
| 610 | 2 | 0 | |a integrácia ekonomická medzinárodná |
| 610 | 2 | 0 | |a sektory hospodárske |
| 610 | 2 | 0 | |a štruktúra ekonomická |
| 610 | 2 | 0 | |a produktivita práce |
| 610 | 2 | 0 | |a obchod zahraničný |
| 610 | 2 | 0 | |a disparita |
| 610 | 2 | 0 | |a regióny |
| 610 | 2 | 0 | |a Slovensko |
| 610 | 2 | 0 | |a Európska únia |